000 00341nam a22001577a 4500
003 SGT
020 _a9780973012415
082 _a658.4038,MOS
100 _aMOSIMANN,ROLAND
245 _aTHE PERFORMANCE MANAGER
250 _a1ST
260 _aCANADA
_bCOGNOS
_c2007
300 _a143
650 _aHUMAN RESOURCE MANAGER
942 _2ddc
_cFCM
999 _c9538
_d9538